LDR 00539naa#a2200181#i#450# 001 EN\\bibl\121198 005 20260513040232.3 011 ## _a2409-1073 100 ## _a20141121b2014####ek#y0engy0150####ca 101 0# _aRUS 102 ## _aRU 200 1# _aEsthetics of Being and Antique Mathematical Tradition _eJournal article 210 1# _aMoscow _cNational Research University of Electronic Technology _d2014 215 ## _a7 с. 608 ## _aJournal article _2local 675 ## _aЭстетика. 18 _zRUS 700 #1 _aRomanenko _gYu M 856 4# _aesgi-journal.ru _u